000 00442nam a2200181Ia 4500
001 13579
005 20260306164811.0
008 260306t2008||||xx |||||||||||||| ||spa||
041 _aESP
082 _a004.68
_bA72
100 _aAriganello, Ernesto
_eAUT
245 0 _aTécnicas de configuración de routers cisco
260 _c2008
300 _a276 páginas :
_c23 cm.
650 _aGEN
654 _aCCC
942 _cLIB
_dJUS
_fJUS
_2ddc
_n
999 _c13579
_d13579